000 00519nam a2200169Ia 4500
003 GCL
008 140319s9999 xx 000 0 ara d
040 _aGCL /
_cGCL
082 0 4 _a811.1
_bز م
100 1 _aزبير دراقى
245 1 0 _aالمفيد الغالى فى الادب الجاهلى /
_cزبير دراقى
300 _a232 ص
490 _aكتاب
_v0
650 0 4 _aالادب العربى
650 0 4 _aالشعر العربى - تاريخ ونقد - العصر الجاهلى
942 _2ddc
_cBK
999 _c42168
_d42168